Elementos de historia general y de historia patria para el primer año de educación primaria superior.

Salvato in:
Dettagli Bibliografici
Autore principale: Cadena, Longinos.
Natura: Libro
Lingua:spagnolo
Pubblicazione: México Herrero Hermanos Sucs. 1920
Edizione:2a. ed.
Catalogo:MANES:  Risultati della ricerca del catalogo della biblioteca
Libro di testo Classificazione:
Tags: Aggiungi Tag
Nessun Tag, puoi essere il primo ad aggiungerne!!
Aggiunto a:2018-04-23
Cambiato in:2018-04-24

MARC

LEADER 00000nam a22000007a 4500
005 20180424112625.0
008 180424b xxu||||| |||| 00| 0 spa d
040 |a centro_manes  |c universidad_colima 
100 |9 16874  |a Cadena, Longinos. 
245 |a Elementos de historia general y de historia patria para el primer año de educación primaria superior. 
250 |a 2a. ed. 
260 |a México  |b Herrero Hermanos Sucs.  |c 1920 
300 |a 216 p.   |c 21 cm 
500 |a Aparece: Francisco Ziga, "Bibliografía Pedagógica. Libros de texto para enseñanza primaria:1850-1970 V. Libros de Historia" en Boletín del Instituto de Investigaciones Bibliográficas 1981-1982, Biblioteca Nacional, Hemeroteca Nacional, Universidad Nacional Autónoma de México, Nos. 18 - 19,p. 113.  |a ils, maps. (Instrucción Primaria Superior) 
546 |a México 
690 0 |a HI 
691 0 |a PRI 
942 |2 ddc  |c BK 
999 |c 50526  |d 50526 
999 |c manes:50526  |d 50526